Alle Bibelbücher evangelisch - Statistiken

Allgemein
  • Dieses Quiz wurde 284 mal gespielt
  • Das Durchschnittsergebnis liegt bei 34 aus 66
Antwortstatistiken
Antwort % Korrekt
lukas
89%
johannes
88%
matthäus
86%
markus
84%
genesis
80%
exodus
79%
rut
71%
psalmen
70%
offenbarung
68%
römer
67%
sprüche
66%
hiob
65%
1. könige
63%
2. könige
63%
josua
62%
1. korinther
61%
2. korinther
61%
apostelgeschichte
61%
numeri
61%
richter
60%
1. samuel
59%
2. samuel
59%
jeremia
59%
jesaja
57%
1. johannes
53%
deuteronomium
53%
leviticus
53%
1. chronik
52%
2. chronik
52%
2. johannes
52%
prediger
52%
judas
51%
daniel
50%
epheser
50%
ester
50%
nehemia
49%
esra
48%
hesekiel
47%
hohelied
46%
galater
44%
1. petrus
43%
1. thessalonicher
43%
2. petrus
43%
jona
43%
kolosser
43%
2. thessalonicher
42%
3. johannes
42%
habakuk
41%
micha
41%
philipper
41%
amos
40%
maleachi
39%
titus
37%
obadja
36%
hebräer
35%
klagelieder
35%
1. timotheus
34%
2. timotheus
34%
jakobus
34%
nahum
34%
philemon
34%
joel
33%
zefanja
33%
sacharja
32%
hosea
28%
haggai
27%
Keine übereinstimmenden Quizze gefunden
Verteilung der Resultate
Anzahl Personen mit jedem Resultat
Perzentil nach korrekt beantworteten Fragen
Ihre Resultats-Entwicklung
Sie haben dieses Quiz noch nicht gespielt